| 000 | 00593nam a2200217 a 4500 | ||
|---|---|---|---|
| 005 | 20210219152858.0 | ||
| 008 | 991125n 000 0 u | ||
| 035 | _aUPN01000064876 | ||
| 100 | _aFey, Marc E. | ||
| 222 | _aLANGUAGE, SPEECH, AND HEARING SERVICE IN SCHOOLS | ||
| 245 | _aArticulation and phonology : an addendum | ||
| 300 | _a277-282 | ||
| 362 | _a23, No. 3, 1992 | ||
| 505 | _aFebrero 1993 | ||
| 653 | 0 | _aTRASTORNOS DEL LENGUAJE | |
| 653 | 0 | _aEVALUACION DEL HABLA | |
| 653 | 0 | _aFONOLOGIA | |
| 653 | 0 | _aTERAPIA DEL HABLA | |
| 904 |
_aAC _b002687 |
||
| 905 | _aArticulo | ||
| 999 |
_c62793 _d62793 |
||